Spectrum : (Record no. 83061)
[ view plain ]
| 000 -LEADER | |
|---|---|
| fixed length control field | 00648nam a2200217 a 4500 |
| 001 - CONTROL NUMBER | |
| control field | 83061 |
| 003 - CONTROL NUMBER IDENTIFIER | |
| rucl marc code | BD-RjUL |
| 005 - DATE AND TIME OF LATEST TRANSACTION | |
| control field | 20240212140316.0 |
| 008 - FIXED-LENGTH DATA ELEMENTS--GENERAL INFORMATION | |
| fixed length control field | 240212s19631961enk 000 0 eng d |
| 035 ## - SYSTEM CONTROL NUMBER | |
| System control number | (BD-RjUL)83061 |
| 040 ## - CATALOGING SOURCE | |
| Original cataloging agency | HAI |
| Language of cataloging | eng |
| Transcribing agency | BD-RjUL |
| 041 0# - LANGUAGE CODE | |
| Language code of text/sound track or separate title | eng |
| 082 ## - DEWEY DECIMAL CLASSIFICATION NUMBER | |
| Edition number | 23 |
| Classification number | 823.91 |
| Author mark and year | SPE 1963 |
| 245 10 - TITLE STATEMENT | |
| Title | Spectrum : |
| Remainder of title | a science fiction anthology / |
| Statement of responsibility, etc. | edited by Kingsley Amis and Robert Conquest. |
| 260 ## - PUBLICATION, DISTRIBUTION, ETC. (IMPRINT) | |
| Place of publication, distribution, etc. | London : |
| Name of publisher, distributor, etc. | Victor Gollancz Ltd., |
| Date of publication, distribution, etc. | c1961, [Impression 1963] |
| 300 ## - PHYSICAL DESCRIPTION | |
| Pagination | 304 p.; |
| Size | 20 cm. |
| 650 #4 - SUBJECT ADDED ENTRY--TOPICAL TERM | |
| Topical term or geographic name as entry element | Science fiction |
| 9 (RLIN) | 11676 |
| 700 1# - ADDED ENTRY--PERSONAL NAME | |
| Personal name | Amis, Kingsley |
| Personal name | Conquest, Robert |
| 942 ## - ADDED ENTRY ELEMENTS (KOHA) | |
| Source of classification or shelving scheme | Dewey Decimal Classification |
| Koha item type | Books |
| Lost status | Source of classification or shelving scheme | Damaged status | Not for loan | Collection code | Permanent Location | Current Location | Shelving location | Date acquired | Source of acquisition | Cost, normal purchase price | Total Checkouts | Full call number | Date last seen | Copy number | Koha item type |
|---|---|---|---|---|---|---|---|---|---|---|---|---|---|---|---|
| Dewey Decimal Classification | Not For Loan | Fiction | Central Library, University of Rajshahi | Central Library, University of Rajshahi | Reading Room | 10/03/1964 | Zeitlinger | 21.00 | 823.91 SPE 1963 | 12/02/2024 | C-1 | Books |